Визуализация в медицине. Т. 2, № 3 (Запись № 12133482)

Подробности
000 -МАРКЕР
контрольное поле 01098nam2a2200205 4500
001 - ИДЕНТИФИКАТОР ЗАПИСИ
контрольное поле RU\NLR\PER_A\012317528_000050
005 - ИДЕНТИФИКАТОР ВЕРСИИ
контрольное поле 20250624044754.0
035 ## - ДРУГИЕ СИСТЕМНЫЕ НОМЕРА
Идентификатор записи (NLR Aleph) 012481691
100 ## - ДАННЫЕ ОБЩЕЙ ОБРАБОТКИ
Данные общей обработки 20210322d2020 |||y0rusy50 ca
101 0# - ЯЗЫК РЕСУРСА
Язык текста, звукозаписи и т.д. русский
102 ## - СТРАНА ПУБЛИКАЦИИ ИЛИ ПРОИЗВОДСТВА
Страна публикации Российская Федерация
200 0# - ЗАГЛАВИЕ И СВЕДЕНИЯ ОБ ОТВЕТСТВЕННОСТИ
Основное заглавие Т. 2, № 3
210 ## - ПУБЛИКАЦИЯ, РАСПРОСТРАНЕНИЕ И ДР.
Дата издания, распространения и т.д. 2020
Место издания, распространения и т.д. Б. м.
461 #0 - УРОВЕНЬ НАБОРА
Встроенное поле 001RU\NLR\BIBL_A\012317528
-- 2001#$aВизуализация в медицине$dVisualization in medicine$eрецензируемый научно-практический журнал$eнаучно-практический журнал для врачей$zeng$vТ. 2, № 3
Системный номер (АБИС) связанной записи 11404085
Место публикации Санкт-Петербург
Дата публикации 2020 -
Параллельное заглавие Visualization in medicine
Имя издателя, распространителя и т.д. ФГБОУ ВО СПбГПМУ Минздрава России
Сведения, относящиеся к заглавию рецензируемый научно-практический журнал : научно-практический журнал для врачей
Заглавие Визуализация в медицине
ISSN 2658-6606
Номер тома Т. 2, № 3
852 ## - МЕСТОНАХОЖДЕНИЕ И ШИФР ХРАНЕНИЯ
Идентификатор организации NLR
Шифр хранения (Call Number) П17/1842
942 ## - ДОПОЛНИТЕЛЬНЫЕ ЭЛЕМЕНТЫ ЗАПИСИ (АБИС)
Тип экземпляра АБИС Выпуск
980 ## - КОЛЛЕКЦИЯ
Название коллекции Национальная библиография
980 ## - КОЛЛЕКЦИЯ
Название коллекции Русская периодика

Нет доступных экземпляров.